[Event "Politiken Cup 37th"]
[Site "Helsingor"]
[Date "2015.07.29"]
[Round "6"]
[White "Jensen, Ib Vagn Norgaard"]
[Black "Opasiak, Dustin Tennessee"]
[Result "1-0"]
[WhiteElo "1948"]
[BlackElo "1791"]
[PlyCount "53"]
[EventDate "2015.07.25"]
[EventType "swiss"]
[EventRounds "10"]
[EventCountry "DEN"]
[SourceTitle "CBM 167 Extra"]
[Source "ChessBase"]
[SourceDate "2015.09.14"]
[SourceVersion "1"]
[SourceVersionDate "2015.09.14"]
[SourceQuality "1"]

1. d4 c5 2. e3 e6 3. Nf3 Nf6 4. Bd3 d5 5. b3 Nc6 6. Bb2 Be7 7. 0-0 0-0 8. Nbd2 Bd7 9. Ne5 cxd4 10. exd4 Rc8 11. a3 Qb6 12. Ndf3 Na5 13. Qe2 a6 14. Rab1 Rc7 15. b4 Nc4 16. Nxc4 dxc4 17. Bxc4 Rxc4 18. Qxc4 Bb5 19. Qb3 Bxf1 20. Rxf1 Rc8 21. c4 Qc7 22. Rc1 Nd5 23. g3 Nb6 24. d5 Nxc4 25. Be5 Bd6 26. Bxd6 Qxd6 27. Rxc4 1-0

[Event "Politiken Cup 36th"]
[Site "Helsingor"]
[Date "2014.07.21"]
[Round "1"]
[White "Rasmussen, Allan Stig"]
[Black "Jensen, Ib Vagn Norgaard"]
[Result "1-0"]
[WhiteElo "2522"]
[BlackElo "1982"]
[PlyCount "59"]
[EventDate "2014.07.21"]
[EventType "swiss"]
[EventRounds "10"]
[EventCountry "DEN"]
[SourceTitle "CBM 161 Extra"]
[Source "ChessBase"]
[SourceDate "2014.08.29"]
[SourceVersion "1"]
[SourceVersionDate "2014.08.29"]
[SourceQuality "1"]

1. Nf3 d5 2. c4 c6 3. e3 Bg4 4. cxd5 Qxd5 5. Nc3 Qh5 6. Qb3 b6 7. Be2 e6 8. h3 Nf6 9. d4 Be7 10. Bd2 0-0 11. Rc1 Nbd7 12. Rg1 Bxf3 13. Bxf3 Qg6 14. Bxc6 Rac8 15. Qa4 Rfd8 16. f4 b5 17. Bxb5 Nb6 18. Qc2 Rxc3 19. Bxc3 Ne4 20. g4 Nd5 21. Ke2 f5 22. Bd3 Nexc3+ 23. bxc3 Qh6 24. Rh1 Qh4 25. Rcg1 Rc8 26. c4 Bb4 27. Kf3 Qe7 28. Qa4 Nf6 29. Qa6 Rb8 30. Qc6 1-0

[Event "Politiken Cup 35th"]
[Site "Helsingor"]
[Date "2013.07.31"]
[Round "6"]
[White "Jensen, Ib Vagn Norgaard"]
[Black "Jorgensen, Orla Eilegaard"]
[Result "1-0"]
[WhiteElo "1977"]
[BlackElo "1614"]
[PlyCount "43"]
[EventDate "2013.07.27"]
[EventType "swiss"]
[EventRounds "10"]
[EventCountry "DEN"]
[SourceTitle "CBM 155 Extra"]
[Source "ChessBase"]
[SourceDate "2013.08.26"]
[SourceVersion "1"]
[SourceVersionDate "2013.08.26"]
[SourceQuality "1"]

1. d4 Nf6 2. Nf3 d5 3. e3 e6 4. Bd3 Nbd7 5. 0-0 c5 6. b3 cxd4 7. exd4 Bd6 8. Bb2 b6 9. Nbd2 a5 10. Ne5 Ba6 11. c4 0-0 12. Qf3 Rc8 13. Qh3 h6 14. f4 Bxe5 15. fxe5 Nh7 16. Ba3 Ng5 17. Qg3 Re8 18. Bd6 dxc4 19. bxc4 Nb8 20. h4 Nh7 21. Rxf7 Kxf7 22. Qg6+ 1-0

[Event "Politiken Cup 34th"]
[Site "Helsingor"]
[Date "2012.08.04"]
[Round "9"]
[White "Jensen, Ib Vagn Norgaard"]
[Black "Haldorsen, Benjamin"]
[Result "1-0"]
[WhiteElo "1986"]
[BlackElo "1811"]
[PlyCount "93"]
[EventDate "2012.07.28"]
[EventType "swiss"]
[EventRounds "10"]
[EventCountry "DEN"]
[SourceTitle "CBM 149 Extra"]
[Source "ChessBase"]
[SourceDate "2012.08.24"]
[SourceVersion "1"]
[SourceVersionDate "2012.08.24"]
[SourceQuality "1"]

1. d4 Nf6 2. Nf3 g6 3. Bg5 Bg7 4. Nbd2 0-0 5. e3 d6 6. Be2 Nbd7 7. c3 Rb8 8. a4 b6 9. 0-0 Bb7 10. a5 b5 11. a6 Ba8 12. b4 Nd5 13. Qb3 c5 14. e4 Nc7 15. Be3 c4 16. Qc2 d5 17. e5 Nb6 18. Ng5 Bc6 19. f4 Bd7 20. g4 e6 21. Rf3 Na4 22. Nf1 Nxa6 23. Ng3 Qc8 24. Nh5 h6 25. Rh3 Qd8 26. Nxg7 Kxg7 27. f5 exf5 28. Rxh6 Rh8 29. Rxh8 Qxh8 30. e6 Bxe6 31. Bf4 Re8 32. Bf3 Qg8 33. Qg2 fxg4 34. Bxd5 Bxd5 35. Qxd5 Nxc3 36. Be5+ f6 37. Qb7+ Kh6 38. Nf7+ Kh5 39. Bxf6 Rf8 40. Qe7 Rxf7 41. Qe5+ g5 42. Rxa6 Qg6 43. Bxg5 Rf5 44. Qh8+ Kxg5 45. Rxg6+ Kxg6 46. Qe8+ Kg5 47. Qe3+ 1-0

[Event "Politiken Cup 34th"]
[Site "Helsingor"]
[Date "2012.08.03"]
[Round "8"]
[White "Clementsson, Jan"]
[Black "Jensen, Ib Vagn Norgaard"]
[Result "1-0"]
[WhiteElo "2115"]
[BlackElo "1986"]
[PlyCount "59"]
[EventDate "2012.07.28"]
[EventType "swiss"]
[EventRounds "10"]
[EventCountry "DEN"]
[SourceTitle "CBM 149 Extra"]
[Source "ChessBase"]
[SourceDate "2012.08.24"]
[SourceVersion "1"]
[SourceVersionDate "2012.08.24"]
[SourceQuality "1"]

1. e4 e5 2. Nf3 d6 3. d4 exd4 4. Qxd4 Nf6 5. Nc3 Be7 6. Bg5 0-0 7. 0-0-0 Nc6 8. Qd2 a6 9. Bd3 b5 10. Nd5 Ne5 11. Nxe7+ Qxe7 12. Nxe5 dxe5 13. f4 Bg4 14. Rdf1 Rad8 15. Qc3 Rfe8 16. f5 c5 17. Bxf6 gxf6 18. h3 c4 19. Bxc4 Bxf5 20. Rxf5 bxc4 21. Rhf1 Rd4 22. Rxf6 Red8 23. Qg3+ Kh8 24. R6f5 f6 25. Qh4 R8d6 26. Rxf6 Rxf6 27. Qxf6+ Qxf6 28. Rxf6 Rxe4 29. Rxa6 c3 30. bxc3 1-0

[Event "Politiken Cup 34th"]
[Site "Helsingor"]
[Date "2012.08.01"]
[Round "6"]
[White "Jorgensen, Dennis"]
[Black "Jensen, Ib Vagn Norgaard"]
[Result "1/2-1/2"]
[WhiteElo "2231"]
[BlackElo "1986"]
[PlyCount "110"]
[EventDate "2012.07.28"]
[EventType "swiss"]
[EventRounds "10"]
[EventCountry "DEN"]
[SourceTitle "CBM 149 Extra"]
[Source "ChessBase"]
[SourceDate "2012.08.24"]
[SourceVersion "1"]
[SourceVersionDate "2012.08.24"]
[SourceQuality "1"]

1. d4 d5 2. c4 Nc6 3. Nf3 Bg4 4. Nc3 e6 5. cxd5 exd5 6. Bf4 Bb4 7. e3 Nge7 8. Bd3 Ng6 9. Bg3 0-0 10. h3 Bxf3 11. Qxf3 Re8 12. 0-0 Bxc3 13. bxc3 Na5 14. Rab1 c6 15. Rb4 b5 16. a4 a6 17. Ra1 Qe7 18. Rb2 Ra7 19. axb5 axb5 20. Rba2 Rea8 21. e4 b4 22. cxb4 Qxb4 23. exd5 Qxd4 24. dxc6 Nxc6 25. Rxa7 Rxa7 26. Rxa7 Nxa7 27. Qa8+ Nf8 28. Bxh7+ Kxh7 29. Qxf8 Qd5 30. Kh2 Nc6 31. Qc8 Nd4 32. Qc7 Qf5 33. Qe5 Qxe5 34. Bxe5 Ne6 35. g4 f6 36. Bd6 g6 37. Kg3 f5 38. f3 fxg4 39. Kxg4 Kg7 40. Be5+ Kf7 41. h4 Kg8 42. f4 Kf7 43. Kf3 Nd8 44. Ke4 Ke6 45. Bg7 Nf7 46. Bf8 Nd8 47. Bg7 Nf7 48. Be5 Nh6 49. Bc7 Nf5 50. Bd8 Nd6+ 51. Kd4 Kf5 52. Kd5 Ne4 53. Bc7 Nf6+ 54. Kd4 Nh5 55. Ke3 Kg4 1/2-1/2

[Event "Politiken Cup 33rd"]
[Site "Helsingor"]
[Date "2011.08.06"]
[Round "9"]
[White "Lindholm, Lars"]
[Black "Jensen, Ib Vagn Norgaard"]
[Result "0-1"]
[WhiteElo "1722"]
[BlackElo "1985"]
[PlyCount "62"]
[EventDate "2011.07.30"]
[EventType "swiss"]
[EventRounds "10"]
[EventCountry "DEN"]
[SourceTitle "CBM 143 Extra"]
[Source "ChessBase"]
[SourceDate "2011.08.29"]
[SourceVersion "1"]
[SourceVersionDate "2011.08.29"]
[SourceQuality "1"]

1. Nc3 Nc6 2. Nf3 e5 3. e4 Nf6 4. d4 exd4 5. Nxd4 d6 6. Bg5 Be7 7. Be2 Nxe4 8. Bxe7 Qxe7 9. Nxc6 bxc6 10. 0-0 Nxc3 11. bxc3 0-0 12. Rb1 Be6 13. Re1 Qd7 14. a3 Rab8 15. Qd4 Rb6 16. Qa4 Ra8 17. Qh4 c5 18. Bd3 g6 19. Qg5 Qd8 20. Qf4 Kg7 21. Be4 Rab8 22. Rbd1 Qf6 23. Qg3 Bf5 24. Qd3 Bg4 25. Rd2 Rb1 26. Qe3 Rxe1+ 27. Qxe1 Qxc3 28. h3 Be6 29. Qd1 Qxa3 30. Rd3 Qa2 31. Rf3 Rb1 0-1

[Event "Politiken Cup 33rd"]
[Site "Helsingor"]
[Date "2011.08.03"]
[Round "6"]
[White "Jensen, Ib Vagn Norgaard"]
[Black "Christophersen, David"]
[Result "1-0"]
[WhiteElo "1985"]
[BlackElo "1777"]
[PlyCount "157"]
[EventDate "2011.07.30"]
[EventType "swiss"]
[EventRounds "10"]
[EventCountry "DEN"]
[SourceTitle "CBM 143 Extra"]
[Source "ChessBase"]
[SourceDate "2011.08.29"]
[SourceVersion "1"]
[SourceVersionDate "2011.08.29"]
[SourceQuality "1"]

1. d4 d5 2. Nf3 Bf5 3. c4 e6 4. Nc3 Nf6 5. Qb3 b6 6. cxd5 Nxd5 7. e4 Nxc3 8. exf5 Nd5 9. Bd2 Qf6 10. Rc1 Qxf5 11. Bb5+ c6 12. Rxc6 Qe4+ 13. Kf1 Nd7 14. Qc4 Kd8 15. Ng5 Qf5 16. g4 Qf6 17. Qxd5 exd5 18. Rxf6 Nxf6 19. Nxf7+ Ke7 20. Nxh8 Ne4 21. Bf4 Ke6 22. f3 Bd6 23. fxe4 Bxf4 24. Bc6 Rxh8 25. Bxd5+ Kd6 26. Ke2 Rc8 27. Kd3 Bc1 28. b3 Bb2 29. Bc4 b5 30. e5+ Ke7 31. Bd5 Rc3+ 32. Ke4 Rc2 33. Rf1 Rd2 34. Rf7+ Ke8 35. Ke3 Rxd4 36. Be6 Rxg4 37. Rxa7 Rh4 38. Rxg7 Bxe5 39. Rb7 b4 40. h3 Bc3 41. Bf5 h6 42. Rh7 Kf8 43. Bg4 Bg7 44. Kf3 h5 45. Be6 Rd4 46. Rxh5 Rd6 47. Rf5+ Ke8 48. Bc4 Rf6 49. Kg4 Rh6 50. Rf2 Rg6+ 51. Kh4 Rh6+ 52. Kg3 Be5+ 53. Kg4 Bc3 54. h4 Ke7 55. Kg5 Rd6 56. Rf7+ Ke8 57. h5 Bd2+ 58. Kf5 Rh6 59. Kg4 Bc1 60. Rb7 Bd2 61. Bf7+ Kf8 62. Bg6 Bc3 63. Rf7+ Kg8 64. Rd7 Bb2 65. Rc7 Bc3 66. a4 bxa3 67. Rxc3 a2 68. Rc8+ Kg7 69. Ra8 Rh8 70. Rxa2 Rb8 71. Ra7+ Kh8 72. h6 Rb4+ 73. Kg5 Rb5+ 74. Bf5 Rb8 75. b4 Rg8+ 76. Bg6 Rb8 77. Rc7 Rb5+ 78. Bf5 Kg8 79. h7+ 1-0

[Event "Politiken Cup 32nd"]
[Site "Copenhagen"]
[Date "2010.08.07"]
[Round "9"]
[White "Andersen, Morten"]
[Black "Jensen, Ib Vagn Norgaard"]
[Result "1-0"]
[WhiteElo "2179"]
[BlackElo "1970"]
[PlyCount "107"]
[EventDate "2010.07.31"]
[EventType "swiss"]
[EventRounds "10"]
[EventCountry "DEN"]
[SourceTitle "CBM 137 Extra"]
[Source "ChessBase"]
[SourceDate "2010.09.01"]
[SourceVersion "1"]
[SourceVersionDate "2010.09.01"]
[SourceQuality "1"]

1. d4 d5 2. Nf3 Nc6 3. g3 Bg4 4. Nbd2 Qd7 5. h3 Bf5 6. g4 Bg6 7. Bg2 f6 8. c3 e5 9. Nb3 Bf7 10. Nc5 Bxc5 11. dxc5 Nge7 12. b4 Ng6 13. a4 e4 14. Nd4 Nh4 15. Bf1 a6 16. Bf4 0-0 17. Bg3 Nxd4 18. cxd4 Ng6 19. e3 Ne7 20. Be2 Be6 21. b5 axb5 22. Bxb5 c6 23. Be2 f5 24. Bd6 Rf7 25. g5 f4 26. Bxf4 Ng6 27. Bg3 Bxh3 28. a5 Bg2 29. Rg1 Bf3 30. Bxf3 Rxf3 31. Qb3 Rf7 32. Kd2 Ne7 33. a6 bxa6 34. Rgb1 Nc8 35. Ra5 Na7 36. Rxa6 Raf8 37. Qb6 Rxf2+ 38. Bxf2 Rxf2+ 39. Ke1 Nc8 40. Ra8 Rf8 41. Qb7 Qg4 42. Kd2 Qg2+ 43. Kc3 Qe2 44. Rxc8 Qxe3+ 45. Kb4 Qd2+ 46. Ka3 Qc3+ 47. Rb3 Qa5+ 48. Kb2 Qd2+ 49. Kb1 Qd1+ 50. Ka2 Qd2+ 51. Rb2 Qxd4 52. Rxf8+ Kxf8 53. Qc8+ Kf7 54. Qf5+ 1-0

[Event "Politiken Cup 31st"]
[Site "Helsingor"]
[Date "2009.07.21"]
[Round "5"]
[White "Jensen, Ib Vagn Norgaard"]
[Black "Maechel, Michael"]
[Result "0-1"]
[WhiteElo "1986"]
[BlackElo "1731"]
[PlyCount "80"]
[EventDate "2009.07.18"]
[EventType "swiss"]
[EventRounds "10"]
[EventCountry "DEN"]
[SourceTitle "CBM 131 Extra"]
[Source "ChessBase"]
[SourceDate "2009.09.03"]
[SourceVersion "2"]
[SourceVersionDate "2009.09.16"]
[SourceQuality "1"]

1. d4 Nf6 2. Nf3 e6 3. Bf4 d5 4. Nbd2 c5 5. e3 cxd4 6. exd4 Bd6 7. Ne5 0-0 8. Bd3 Nc6 9. c3 Qc7 10. Qe2 Ne7 11. g4 Ng6 12. Bg3 Nd7 13. f4 Ndxe5 14. fxe5 Be7 15. Nf3 Qd8 16. h4 f5 17. g5 f4 18. Bf2 Bd7 19. Qc2 Rf5 20. Bxf5 exf5 21. 0-0-0 Rc8 22. h5 Nf8 23. g6 h6 24. Bh4 Bxh4 25. Rxh4 Ne6 26. Qxf5 Ng5 27. Qxf4 Nxf3 28. Qxf3 Qxh4 29. Qxd5+ Kh8 30. Qxd7 Qg5+ 31. Kc2 Qg2+ 32. Kb3 Rf8 33. e6 Qe2 34. Rh1 b5 35. Qd5 a5 36. Qc5 Rb8 37. Qc7 Qxe6+ 38. Ka3 b4+ 39. cxb4 axb4+ 40. Ka4 Qxa2# 0-1

[Event "Politiken Cup 30th"]
[Site "Helsingor"]
[Date "2008.07.23"]
[Round "6"]
[White "Jensen, Ib Vagn Norgaard"]
[Black "Tsiolakidis, Anastasios"]
[Result "0-1"]
[WhiteElo "2005"]
[BlackElo "2365"]
[PlyCount "76"]
[EventDate "2008.07.19"]
[EventType "swiss"]
[EventRounds "10"]
[EventCountry "DEN"]
[SourceTitle "CBM 125 Extra"]
[Source "ChessBase"]
[SourceDate "2008.09.01"]
[SourceVersion "1"]
[SourceVersionDate "2008.09.01"]
[SourceQuality "1"]

1. d4 f5 2. Nc3 d5 3. Nf3 Nf6 4. Bf4 e6 5. e3 Bd6 6. Ne5 0-0 7. Be2 Nc6 8. 0-0 Bxe5 9. Bxe5 Nxe5 10. dxe5 Nd7 11. f4 g5 12. Nb5 Nc5 13. Bd3 Bd7 14. Nd4 Nxd3 15. cxd3 c5 16. Nf3 g4 17. Ne1 Bb5 18. Rf2 Rf7 19. Rc1 b6 20. Rd2 d4 21. e4 h5 22. exf5 Rxf5 23. g3 Bc6 24. Qb3 Bd5 25. Qc2 a5 26. Ng2 Ra7 27. Nh4 Rxf4 28. gxf4 Qxh4 29. Rg2 Rg7 30. Qf2 Qe7 31. f5 Qg5 32. Rf1 Bxg2 33. Kxg2 g3 34. hxg3 exf5 35. Qf4 h4 36. Kh3 hxg3 37. Qxg5 Rxg5 38. Kg2 Kf7 0-1

[Event "Politiken Cup 30th"]
[Site "Helsingor"]
[Date "2008.07.21"]
[Round "4"]
[White "Jensen, Ib Vagn Norgaard"]
[Black "Hvenekilde, Jorgen"]
[Result "1/2-1/2"]
[WhiteElo "2005"]
[BlackElo "2179"]
[PlyCount "46"]
[EventDate "2008.07.19"]
[EventType "swiss"]
[EventRounds "10"]
[EventCountry "DEN"]
[SourceTitle "CBM 125 Extra"]
[Source "ChessBase"]
[SourceDate "2008.09.01"]
[SourceVersion "1"]
[SourceVersionDate "2008.09.01"]
[SourceQuality "1"]

1. d4 Nf6 2. Nf3 g6 3. Bf4 Bg7 4. Nbd2 0-0 5. e4 d6 6. h3 Nbd7 7. Bd3 c5 8. c3 a6 9. a4 Rb8 10. Qe2 Nh5 11. Bh2 e5 12. 0-0 Qe7 13. Rfe1 Re8 14. Qe3 Qf8 15. g4 Bh6 16. g5 Bg7 17. b4 cxd4 18. cxd4 exd4 19. Nxd4 Ne5 20. Bf1 Nc6 21. Nxc6 bxc6 22. Rab1 Be6 23. Qd3 Be5 1/2-1/2

[Event "DEN-chT 0708"]
[Site "Denmark"]
[Date "2008.01.12"]
[Round "4.7"]
[White "Jensen, Ib Vagn Norgaard"]
[Black "Andersen, Peter Vestergaard"]
[Result "1-0"]
[WhiteElo "1930"]
[BlackElo "1913"]
[PlyCount "67"]
[EventDate "2007.11.10"]
[EventType "team-tourn"]
[EventRounds "9"]
[EventCountry "DEN"]
[SourceTitle "EXT 2023"]
[Source "ChessBase"]
[SourceDate "2022.10.05"]
[SourceVersion "1"]
[SourceVersionDate "2022.10.05"]
[SourceQuality "1"]
[WhiteTeam "Helsingor"]
[BlackTeam "Nordkalotten"]
[WhiteTeamCountry "DEN"]
[BlackTeamCountry "DEN"]

1. d4 d5 2. Nf3 Nf6 3. Bf4 c6 4. e3 Bg4 5. c4 e6 6. Qb3 Qc8 7. Ne5 Bf5 8. Nc3 Be7 9. Be2 Nbd7 10. 0-0 0-0 11. Rac1 Ne4 12. Nxe4 Bxe4 13. cxd5 exd5 14. Bg4 f5 15. f3 Nxe5 16. Bxe5 Bd3 17. Qxd3 fxg4 18. e4 gxf3 19. exd5 Qg4 20. Rxf3 Rxf3 21. Qxf3 Qg5 22. Rd1 Rf8 23. Qb3 cxd5 24. Qxd5+ Kh8 25. Qe4 h5 26. h3 b6 27. b3 Bb4 28. d5 Qd8 29. Qxb4 Re8 30. Qd4 Qg5 31. d6 Rxe5 32. d7 Rd5 33. Qxd5 Qe3+ 34. Kh1 1-0

[Event "Politiken Cup 29th"]
[Site "Copenhagen"]
[Date "2007.07.28"]
[Round "9"]
[White "Soraas, Torben"]
[Black "Jensen, Ib Vagn Norgaard"]
[Result "1-0"]
[WhiteElo "2155"]
[BlackElo "2043"]
[PlyCount "61"]
[EventDate "2007.07.21"]
[EventType "swiss"]
[EventRounds "10"]
[EventCountry "DEN"]
[SourceTitle "CBM 119 Extra"]
[Source "ChessBase"]
[SourceDate "2007.09.04"]
[SourceVersion "1"]
[SourceVersionDate "2007.09.04"]
[SourceQuality "1"]

1. e4 e5 2. d4 exd4 3. Nf3 d6 4. Nxd4 Nf6 5. Nc3 Be7 6. Be2 0-0 7. 0-0 a6 8. a4 c5 9. Nf3 Nc6 10. h3 Nb4 11. Bf4 d5 12. exd5 Nfxd5 13. Nxd5 Qxd5 14. c3 Qf5 15. Bg3 Rd8 16. Qb3 Be6 17. Bc4 Bxc4 18. Qxc4 Nc6 19. Rfe1 Bf6 20. Re4 Nd4 21. Nd2 Ne6 22. Nf1 Qd5 23. Ne3 Qd2 24. Ng4 Bg5 25. f4 Qxb2 26. Rae1 Rd2 27. Rxe6 Rxg2+ 28. Kh1 h5 29. Re8+ Rxe8 30. Rxe8+ Kh7 31. Qe4+ 1-0

[Event "Politiken Cup 29th"]
[Site "Copenhagen"]
[Date "2007.07.22"]
[Round "2"]
[White "Jensen, Ib Vagn Norgaard"]
[Black "Nielsen, Lars Aaes"]
[Result "0-1"]
[WhiteElo "2043"]
[BlackElo "2232"]
[PlyCount "82"]
[EventDate "2007.07.21"]
[EventType "swiss"]
[EventRounds "10"]
[EventCountry "DEN"]
[SourceTitle "CBM 119 Extra"]
[Source "ChessBase"]
[SourceDate "2007.09.04"]
[SourceVersion "1"]
[SourceVersionDate "2007.09.04"]
[SourceQuality "1"]

1. d4 Nf6 2. Nf3 b6 3. Bf4 Bb7 4. e3 c5 5. c3 g6 6. Nbd2 Bg7 7. Bd3 0-0 8. e4 d6 9. Qe2 cxd4 10. cxd4 Nh5 11. Be3 e5 12. g3 exd4 13. Bxd4 Nc6 14. Bxg7 Nxg7 15. 0-0 Re8 16. Qe3 Qf6 17. Qh6 Ne6 18. Bc4 Ncd4 19. Nxd4 Qxd4 20. Rfe1 Qxb2 21. Rad1 Qg7 22. Qxg7+ Kxg7 23. Bb5 Re7 24. Re3 Nc5 25. Nb3 a6 26. Bc4 b5 27. Bd5 Bxd5 28. Rxd5 Rxe4 29. Rxd6 Rxe3 30. fxe3 Nxb3 31. axb3 a5 32. Rd2 a4 33. bxa4 bxa4 34. Kf2 a3 35. Ra2 Kf6 36. Ke2 Ke5 37. Kd3 h5 38. h3 Ra4 39. g4 h4 40. Ra1 a2 41. Kc3 Ke4 0-1

[Event "DEN-chT 0607"]
[Site "Denmark"]
[Date "2007.03.25"]
[Round "9.7"]
[White "Jensen, Ib Vagn Norgaard"]
[Black "Hjorth, Torben"]
[Result "1/2-1/2"]
[WhiteElo "1982"]
[BlackElo "2158"]
[PlyCount "76"]
[EventDate "2006.11.04"]
[EventType "team-tourn"]
[EventRounds "9"]
[EventCountry "DEN"]
[SourceTitle "EXT 2023"]
[Source "ChessBase"]
[SourceDate "2022.10.05"]
[SourceVersion "1"]
[SourceVersionDate "2022.10.05"]
[SourceQuality "1"]
[WhiteTeam "Helsingor"]
[BlackTeam "Aalborg"]
[WhiteTeamCountry "DEN"]
[BlackTeamCountry "DEN"]

1. d4 Nf6 2. Nf3 e6 3. Bf4 c5 4. c3 Be7 5. Nbd2 d5 6. e3 0-0 7. Ne5 b6 8. Bd3 Bb7 9. Qf3 Nc6 10. Qh3 Rc8 11. g4 g6 12. Bh6 Re8 13. f4 Ne4 14. Ndf3 f6 15. Nxc6 Bxc6 16. f5 Bd6 17. fxg6 hxg6 18. Bxe4 dxe4 19. Nh4 g5 20. Ng6 Re7 21. Bxg5 Rh7 22. Bh4 Be8 23. Nf4 Bxf4 24. exf4 cxd4 25. 0-0-0 d3 26. g5 f5 27. Rhe1 Ba4 28. Rd2 Qd4 29. Kb1 Bc2+ 30. Rxc2 dxc2+ 31. Kc1 Qd5 32. g6 Rd7 33. Kxc2 Qxa2 34. Bf6 Qa4+ 35. Kb1 Rd1+ 36. Rxd1 Qxd1+ 37. Ka2 Qa4+ 38. Kb1 Qd1+ 1/2-1/2